UNESCO World Heritage Sites Quiz Stats

Quiz Updated Sep 24, 2015

Also try: National Parks A-Z
Challenge
Share
Tweet
Score 0/20 Timer 10:00
9 Plays Today
% Correct
Statue of Liberty
98.2%
Taj Mahal
98.2%
The Great Wall
97.8%
Stonehenge, Avebury, and Associated Sites
94.7%
Memphis and its Necropolis – the Pyramid Fields from Giza to Dahshur
87.8%
Acropolis, Athens
87.1%
Rapa Nui National Park
85.3%
Historic Sanctuary of Machu Picchu
85.2%
Great Barrier Reef
81.5%
Kremlin and Red Square, Moscow
74%
% Correct
Auschwitz l
67.1%
Pre-Hispanic City of Chichen-Itza
47%
Serengeti National Park
44.7%
Komodo National Park
32.8%
Timbuktu
22.2%
Alhambra, Generalife and Albayzín, Granada
18.5%
Masada
15.8%
Galápagos Islands
9.7%
Los Glaciares National Park
8.5%
The Persian Garden
2.9%

You're not logged in!

Compare scores with friends on all Sporcle quizzes.
Sign Up with Email
OR
Log In

You Might Also Like...

Show Comments

Extras

Top Quizzes Today


Score Distribution

Your Account Isn't Verified!

In order to create a playlist on Sporcle, you need to verify the email address you used during registration. Go to your Sporcle Settings to finish the process.